000 00531nam a22001697a 4500
003 BD-ChCU
005 20260114095813.0
008 260114b bg ||||| |||| 00| 0 ben d
040 _cBD-ChCU
082 _a297.070954 SUA
100 _aSufi , G.M.D.
_919174
245 _aAl - Minhaj :
_bBeing the evalution of curriculum in the Muslim educational Institutions of India ./
_cG.M.D.Sufi .
260 _aDelhi :
_bIdarahi Adabiyat -I
_cC 1977
300 _axv , 238p
650 0 _aIslam - Education .
_919176
942 _2ddc
_cBK
_n0
999 _c111009
_d111009